| 000 | 00552nam a2200205 a 4500 | ||
|---|---|---|---|
| 005 | 20240228064006.0 | ||
| 008 | 090618s2004 mx r 000 0 spa d | ||
| 020 | _a9978807918 | ||
| 035 | _aUPN01000171250 | ||
| 049 | _aI | ||
| 050 | 4 |
_aPZ71 _bM5.22 |
|
| 100 | 1 | _aMiranda, Catalina | |
| 245 | 1 | 3 |
_aEl arcoiris que perdió un color / _cCatalina Miranda. |
| 260 |
_aQuito : _bLibresa, _c2004. |
||
| 300 |
_a24 p. : _bil. col. |
||
| 440 | 0 | _aGarabato | |
| 650 | 4 |
_aLibros y lectura para niños _92290 |
|
| 650 | 4 |
_aGNOMOS _94404 |
|
| 905 | _aInfantil | ||
| 999 |
_c143355 _d143355 |
||